O azul do Zé (Registo nº 2131)
[ vista simples ]
| 000 -Etiqueta do registo | |
|---|---|
| Cabeçalho | 00898nam a22003131 4500 |
| 005 - Identificador da versão | |
| Campo de controlo | 20240813121925.0 |
| 010 ## - Número internacional normalizado dos livros (ISBN) | |
| Número (ISBN) | 9724119769 |
| 021 ## - Número do Depósito Legal | |
| Código do país | PT |
| Número | 123581/98 |
| 100 ## - Dados gerais de processamento | |
| Dados gerais de processamento | 19990530d1998 c y0pory5003 ba |
| 102 ## - Pais de publicação ou produção | |
| País de publicação | Portugal |
| 101 1# - Língua de publicação | |
| Língua do texto, banda sonora, etc. | Português |
| Língua do documento no original | Francês |
| 106 ## - Campo de dados codificados: material textual | |
| Dados codificados do material textual | r |
| 105 ## - Campo de dados codificados: livros | |
| Dados codificados dos livros | a z 000yy |
| 215 ## - Descrição física | |
| Indicação específica da natureza do documento e extensão da espécie | [52] p. |
| Outras indicações físicas | il. |
| Dimensões | 27 cm |
| 200 1# - Titulo e menção de responsabilidade | |
| Título próprio | O azul do Zé |
| Primeira menção de responsabilidade | Chloé Siganos |
| Outras menções de responsabilidade | il. Françoise Schein |
| -- | assist. Carole Fontaine |
| -- | trad. Pedro Feijó |
| 225 2# - Colecção | |
| Título próprio da colecção | Benjamim |
| 205 ## - Menção da edição | |
| Menção da edição | 1ª ed |
| 210 ## - Publicação, Distribuição, etc. | |
| Lugar da edição, distribuição, etc. | Porto |
| Nome do editor, distribuidor, etc. | Asa |
| Data da publicação, distribuição, etc. | 1998 |
| 606 ## - Nome comum usado como assunto | |
| Número de registo de entrada de autoridade | 0000001 |
| Palavra de ordem | Literatura estrangeira infantil |
| Subdivisão de assunto | Conto |
| 675 ## - Classificação Decimal Universal (CDU) | |
| Notação | 82-34 |
| Edição | 2ª |
| Língua da edição | por |
| 702 #1 - Nome de autor-pessoa física (responsabilidade secundária) | |
| Número de registo de entrada de autoridade | 0000896 |
| Palavra de ordem | Schein |
| Outra parte do nome não tomada para palavra de ordem | Françoise |
| Código de função | Ilustrador / Técnico de desenho computorizado |
| Número de registo de entrada de autoridade | 0000897 |
| Palavra de ordem | Fontaine |
| Outra parte do nome não tomada para palavra de ordem | Carole |
| Código de função | Autor / Co-autor |
| Número de registo de entrada de autoridade | 0000898 |
| Palavra de ordem | Feijó |
| Outra parte do nome não tomada para palavra de ordem | Pedro |
| Código de função | Tradutor |
| 700 #1 - Nome de autor-pessoa física (responsabilidade principal) | |
| Número de registo de entrada de autoridade | 0000895 |
| Palavra de ordem | Siganos |
| Outra parte do nome não tomada para palavra de ordem | Chloé |
| 942 ## - Elementos de entrada adicionados (Koha) | |
| Tipo de item no Koha | Livro |
| Situação do levantamento | Origin of item (home branch) (coded) | Biblioteca de empréstimo | Código de barras | Cota | Circulation type (not for loan) | Tipo de documento | Nota do exemplar | Damaged status |
|---|---|---|---|---|---|---|---|---|
| Biblioteca Escolar da Coca Maravilhas | Biblioteca Escolar da Coca Maravilhas | BECM4573/99 | 8EST SCH | Livro | Sem mensagem |
